000
00302cam a22001097a 4500
008
180718b-- xxu||||| |||| 00| 0 eng d
082
_a
A45:U61 NBARD
100
_a
National Bank for Agriculture and Rural Development
245
_a
Annual report
260
_a
Mumbai
_b
The author
_c
--
500
_a
Library has
999
_c
502511
_d
502511